Rural: alternative uses (Record no. 72974)
[ view plain ]
| 000 -LEADER | |
|---|---|
| fixed length control field | 01644cam a2200373 4500 |
| 001 - CONTROL NUMBER | |
| control field | ABS66850 |
| 008 - FIXED-LENGTH DATA ELEMENTS--GENERAL INFORMATION | |
| fixed length control field | 030702n2003 000 0 eng u |
| 035 ## - SYSTEM CONTROL NUMBER | |
| System control number | (Sirsi) u122849 |
| 100 ## - MAIN ENTRY--PERSONAL NAME | |
| Personal name | Jacoby, C. |
| 245 ## - TITLE STATEMENT | |
| Title | Rural: alternative uses |
| 260 ## - PUBLICATION, DISTRIBUTION, ETC. | |
| Date of publication, distribution, etc. | 2003 |
| 490 ## - SERIES STATEMENT | |
| Series statement | Estates Gazette |
| Volume/sequential designation | (0326) 28 June 2003, 64-79(13) |
| 520 ## - SUMMARY, ETC. | |
| Summary, etc. | A series of articles examining the options available to rural landowners wishing to diversify and make their land more profitable. Includes a look at the different opinions on what the best options are for landowners, from leisure and recreation to tourism and conservation. Other options discussed include alternative energy, residential development and telephone masts. Also examines the effect of falling land prices with owners seeking alternative uses according to local demand and the effect of the Planning and Compensation Bill on compulsory purchase orders and the amount of money farmers will receive after compulsory acquisition of their land for roads. |
| 590 ## - LOCAL NOTE (RLIN) | |
| Local note | ABS |
| 650 ## - SUBJECT ADDED ENTRY--TOPICAL TERM | |
| Topical term or geographic name entry element | RURAL ECONOMY |
| 650 ## - SUBJECT ADDED ENTRY--TOPICAL TERM | |
| Topical term or geographic name entry element | FARM DIVERSIFICATION |
| 650 ## - SUBJECT ADDED ENTRY--TOPICAL TERM | |
| Topical term or geographic name entry element | LANDOWNERS |
| 650 ## - SUBJECT ADDED ENTRY--TOPICAL TERM | |
| Topical term or geographic name entry element | COMPENSATION |
| 650 ## - SUBJECT ADDED ENTRY--TOPICAL TERM | |
| Topical term or geographic name entry element | RESIDENTIAL DEVELOPMENT |
| 650 ## - SUBJECT ADDED ENTRY--TOPICAL TERM | |
| Topical term or geographic name entry element | HORSE RIDING |
| 650 ## - SUBJECT ADDED ENTRY--TOPICAL TERM | |
| Topical term or geographic name entry element | LEISURE INDUSTRY |
| 650 ## - SUBJECT ADDED ENTRY--TOPICAL TERM | |
| Topical term or geographic name entry element | PLANNING AND COMPENSATION BILL |
| 650 ## - SUBJECT ADDED ENTRY--TOPICAL TERM | |
| Topical term or geographic name entry element | FARM LAND PRICES |
| 650 ## - SUBJECT ADDED ENTRY--TOPICAL TERM | |
| Topical term or geographic name entry element | FARM BUILDINGS |
| 650 ## - SUBJECT ADDED ENTRY--TOPICAL TERM | |
| Topical term or geographic name entry element | GREENFIELD DEVELOPMENT |
| 650 ## - SUBJECT ADDED ENTRY--TOPICAL TERM | |
| Topical term or geographic name entry element | COMPULSORY PURCHASE ORDERS |
| 690 ## - LOCAL SUBJECT ADDED ENTRY--TOPICAL TERM (OCLC, RLIN) | |
| Topical term or geographic name as entry element | RURAL-FARM BUSINESS MANAGEMENT |
| 700 ## - ADDED ENTRY--PERSONAL NAME | |
| Personal name | Elghamry, N. |
| 700 ## - ADDED ENTRY--PERSONAL NAME | |
| Personal name | Shirley, A. |
| 700 ## - ADDED ENTRY--PERSONAL NAME | |
| Personal name | Norwood, G. |
| 700 ## - ADDED ENTRY--PERSONAL NAME | |
| Personal name | Howarth, A. |
| 700 ## - ADDED ENTRY--PERSONAL NAME | |
| Personal name | Paice, Catherine |
| 942 ## - ADDED ENTRY ELEMENTS (KOHA) | |
| Suppress in OPAC | 0 |
| Withdrawn status | Lost status | Source of classification or shelving scheme | Damaged status | Not for loan | Home library | Current library | Shelving location | Date acquired | Total Checkouts | Full call number | Barcode | Date last seen | Copy number | Price effective from | Koha item type |
|---|---|---|---|---|---|---|---|---|---|---|---|---|---|---|---|
| Dewey Decimal Classification | London | London | Journal article | 02/07/2003 | ABS66850 | 122849-1001 | 06/08/2019 | 1 | 06/08/2019 | Journal article |